| 000 | 00918nam a2200241 a 4500 | ||
|---|---|---|---|
| 001 | 000022991 | ||
| 005 | 20200930021922.0 | ||
| 008 | 101124s1986 ag a r 000 0 spa d | ||
| 020 | _a9509432563 | ||
| 040 |
_aDO-SdBNP _bspa _cBNPHU |
||
| 082 |
_a341.734 _bF312d |
||
| 100 | 1 |
_aFeld, Werner J. _947284 |
|
| 245 | 1 | 0 |
_aDisuasión o guerra : _blaspolíticas de lo impensable / _cWerner J. Feld , John K. Wildgen ; traducción Antonio Bonanno. |
| 260 |
_aBuenos Aires, Argentina : _bGrupo Editor Latinoamericano (GEL), _c1986. |
||
| 300 |
_a182 p. : _bil. ;. |
||
| 504 | _aIncluye referencias bibliográficas y notas al pie de las páginas. | ||
| 650 | 4 |
_aControl de armas químicas _xCongresos _947285 |
|
| 650 | 4 |
_aControl de armas nucleares _xCongresos _947286 |
|
| 651 | 4 |
_aEstados Unidos _xPolítica Militar _91496 |
|
| 700 | 1 |
_aWildgen, John K., _947287 |
|
| 700 | 1 |
_aBonanno, Antonio, _etr. _99085 |
|
| 049 | _aBNGR | ||
| 999 |
_c22488 _d22488 |
||